000 00681nam a22002297a 4500
003 UA-OsUOA
001 94829
007 ta
008 20130218b un ||||| |||| 00| 0 ukr d
090 _a82-92
_bФ84
942 _cBK
040 _aUA-OsUOA
_bukr
_cUA-OsUOA
_dUA-OsUOA
245 _aФранц Йозеф і Приватно
_bнезалежний культурологічний часопис "Ї"
_cгол. ред. Возняк Т.
300 _a163 с.
955 _a4
041 _aukr
080 _a82-92
260 _aЛьвів
_c2011
250 _nчисло 65
650 7 _a82 Література. Літературознавство
_2UDC
999 _c381078
_d381078